[Event "Mondariz zt 1.1"]
[Site "Mondariz"]
[Date "2000.09.04"]
[Round "2"]
[White "Emms, John M"]
[Black "Magem Badals, Jordi"]
[Result "1/2-1/2"]
[WhiteElo "2527"]
[BlackElo "2482"]
[Annotator "Ribli,Z"]
[PlyCount "131"]
[EventDate "2000.09.03"]
[EventType "swiss"]
[EventRounds "11"]
[EventCountry "ESP"]
[SourceTitle "CBM 079"]
[Source "ChessBase"]
[SourceDate "2000.11.21"]
[SourceVersion "1"]
[SourceVersionDate "2000.11.21"]
[SourceQuality "1"]

1. e4 c5 2. Nf3 Nc6 3. d4 cxd4 4. Nxd4 Qc7 {Diese Zugfolge ist in letzter Zeit
sehr populär - hier ist auch der Zug 5.Nb5 möglich, jedoch laut Theorie
weniger stark als nach 4...e6.} 5. Nc3 e6 6. g3 a6 7. Bg2 Nf6 8. O-O Bc5 {
Eine heutzutage sehr populäre Fortsetzung. Der Läufer steht aktiver auf c5 als
auf e7, sein Nachteil jedoch ist, dass der Läufer ein wenig weit vom
Königsflügel entfernt ist.} 9. Nxc6 {Das ist die beste Fortsetzung für Weiß,
aber die Alternativen 9.Bf4 und 9.Nb3 sind auch spielbar.} dxc6 10. Na4 Ba7 (
10... Be7) 11. c4 Nd7 (11... h5 $5) 12. b4 (12. e5 {Dieses Bauernopfer ist
eine interessante Alternative für Weiß.}) (12. Qc2 Bd4 13. c5 $5) 12... a5 {
Auf diese Weise möchte Schwarz die a-Linie öffnen.} 13. b5 (13. Bb2 axb4 14.
Bxg7 Rg8 15. Bh6 e5 16. Be3 Bxe3 17. fxe3 Nf8 18. c5 Be6 19. Nb6 Ra5 20. Qc2
Qe7 21. Rfc1 h5 22. Nd5 {0-1 Wagman,S-Drei,A/Montecatini Terme 1998/EXT 2000 
(32)}) 13... e5 {[%csl Yd4][%cal Ga7d4]} 14. Rb1 (14. Ba3 Bd4 15. Rb1 b6 16. c5
cxb5 17. cxb6 Nxb6 18. Rxb5 Nc4 19. Qc2 Bd7 20. Rd5 Rc8 21. Bc5 Be6 22. Qxc4
Bxd5 23. Qxd5 Bxc5 24. Bh3 O-O 25. Bxc8 {1/2-1/2 Weinzettl,E-Horvath,J/
Fuerstenfeld 1998/EXP 63 (25)}) (14. Bb2 O-O 15. Rb1 Nb6 16. c5 Nxa4 17. Qxa4
cxb5 18. Qxb5 Bxc5 19. Rfc1 b6 20. Ba3 Bd7 {0-1 Ciric,D-Antic,D/Biel 1998/EXT
99 (51)}) 14... Bd4 15. Bb2 {Natürlich möchte Weiß die stärkste schwarze Figur
- den stolzen Bd4 - abtauschen.} c5 16. Bxd4 cxd4 (16... exd4 $6 17. f4 $36)
17. c5 {Dieses vorübergehende Bauernopfer berschafft Weiß die Initiative.} Nxc5
18. Rc1 (18. Qc2 b6 19. Rfc1 Be6 20. Nxc5 Qxc5 21. Qxc5 bxc5 22. Rxc5 Bxa2 23.
Rxe5+ Kd7 24. Rd1 {Spangenberg,H-Sadler,M/Buenos Aires Najdorf 1995/CBM 49/1/
2-1/2 (49)}) 18... b6 19. Nxc5 bxc5 20. Qc2 Be6 $1 {[%mdl 256] Durch diesen
Zug bekommt Schwarz Gegenspiel (es hängt der Pa2), zudem droht 21...c4,
deshalb muss Weiß sofort auf c5 nehmen.} 21. Qxc5 Qxc5 22. Rxc5 Bxa2 23. Rxe5+
Kd7 {Die Stellung ist materiell ausgeglichen. Der Pd4 ist schwach und nicht zu
verteidigen, dafür aber ist der schwarze entfernte Freibauer auf a5 stark.} 24.
Rd1 Rhd8 25. Rc5 (25. Rxd4+ $2 Kc7 26. Rxd8 (26. Rc5+ Kb6 $17) 26... Rxd8 $17 {
[%csl Ga5][%cal Rd8d1,Rd1g1]}) 25... Ke7 (25... Ke8 26. b6 Rab8 27. Rxa5 Bb3
28. Rd2 {1/2-1/2 Gelashvili,T-Miladinovic,I/Korinthos 1998/EXT 99 (28)}) 26.
Rc7+ $5 $146 {Heutzutage ist die Theorie der Schacheröffnungen so umfangreich,
dass man Neuerungen mitunter erst im 26.Zug spielt.} (26. e5 Rab8 27. b6 Bb3
28. Rd2 Rxb6 29. Rxa5 Bc4 30. Be4 Rb5 31. Ra7+ Kf8 32. f4 Rb3 33. Kf2 h5 34.
Rc7 Rc3 35. Bf3 Bd5 {1/2-1/2 Spangenberg,H-Sadler,M/Buenos Aires 1995/CBM 49 
(49)}) 26... Kf8 27. b6 (27. e5 Rab8 $11) 27... a4 (27... Rab8 28. b7 a4) 28.
b7 $14 {[%csl Gb7] Der weiße Freibauer ist schneller und gefährlicher als sein
schwarzer Widerpart.} Rab8 29. Bh3 $1 {[%cal Gh3c8]} (29. e5 d3 $132) 29... d3
30. Rc8 $6 (30. Bd7 $5 $16 {Jetzt hängen gleichzeitig der Pd3 und der Pa4.})
30... Be6 31. Bxe6 fxe6 32. Rxd8+ Rxd8 33. Rxd3 {Mit dieser kleinen
Kombination gewinnt Weiß einen Bauern.} Rb8 34. Ra3 (34. Rd7 a3 (34... Ke8 $2
35. Rxg7 $18) 35. Rc7 $6 a2 36. Rc8+ Ke7 37. Rxb8 a1=Q+ 38. Kg2 Qb1 39. Rg8
Qxe4+ $11) 34... Rxb7 35. Rxa4 {[%mdl 4096] Gewöhnlich kann man in
Turmendspielen mit vier Bauern gegen drei ein Remis erreichen. In unserer
konkreten Stellung steht der isolierte Bauer auf e6 gut, demm es ist nicht
leicht für Weiß, einen Freibauern zu bilden.} Kf7 36. h4 (36. f4 Rb2 $14) 36...
e5 37. Ra5 Kf6 38. Ra6+ Kf7 39. h5 $6 {Der Ph5 wird schwach, denn er steht
weit ab von seinen "Kollegen".} h6 40. Kg2 Rb2 {[%cal Gb2g2] Schwarz
verhindert den Zug f2-f4, so kommt Weiß nicht voran.} 41. Kf3 Rc2 {Der Turm
muss auf der zweiten Reihe bleiben.} (41... Rb3+ $2 42. Kg4 $18) 42. Rd6 (42.
Ke3 Rc3+ 43. Kd2 Rb3 $14) 42... Ke7 43. Rd5 Ke6 44. Ke3 Rc3+ 45. Rd3 Rc5 {
[%cal Gc5h5]} 46. Ra3 (46. f4 $2 exf4+ 47. gxf4 Rxh5 $11) 46... Kf6 47. Kf3 Rc2
48. Ra5 Rb2 49. Ra6+ Ke7 50. Kg2 Re2 {Schwarz greift den Pe4 an - Weiß kommt
nach wie vor nicht weiter.} 51. Kf3 Rb2 {Das ist dieselbe Stellung wie nach
dem 41. Zug, nur ist hier Weiß am Zug, und der schwarze König steht statt auf
f7 auf e7.} 52. Rg6 Kf7 53. Kg2 Re2 54. Kf3 Rb2 {Der aktive Turm auf der
zweiten Reihe unterbindet alle weißen Gewinnversuche.} 55. Rd6 Ke7 56. Rd3 Ke6
57. Kg2 Re2 58. Re3 Rxe3 $1 {Die richtige Entscheidung - im Bauernendspiel
erreicht Schwarz das Remis mit Leichtigkeit.} (58... Ra2 $14) 59. fxe3 Kf6 $11
{[%cal Rf6g5,Rg5h5]} 60. Kh3 Kg5 61. g4 Kf6 62. Kh4 g5+ $1 (62... g6 $11) (
62... Kf7 63. g5 Ke7 64. Kg4 Ke6 $11) 63. hxg6 (63. Kg3 $6 Ke6 64. Kf2 Kd6 65.
Ke2 Kc5 66. Kd3 $11) 63... Kxg6 64. Kh3 (64. g5 $4 h5 $22 $19 (64... hxg5+ 65.
Kg4 Kf6 (65... Kh6 66. Kf5 Kh5 67. Kxe5 g4 68. Kf4 Kh4 69. e5 g3 70. e6 g2 71.
e7 g1=Q 72. e8=Q $14) 66. Kh5 g4 67. Kxg4 Kg6 $11)) 64... Kg5 65. Kg3 Kf6 66.
Kh4 1/2-1/2

[Event "Capablanca Memorial Elite 35th"]
[Site "Varadero"]
[Date "2000.05.09"]
[Round "3"]
[White "Dominguez Perez, Leinier"]
[Black "Stefansson, Hannes"]
[Result "1-0"]
[WhiteElo "2508"]
[BlackElo "2566"]
[Annotator "Ribli,Z"]
[PlyCount "57"]
[EventDate "2000.05.07"]
[EventType "tourn"]
[EventRounds "13"]
[EventCountry "CUB"]
[EventCategory "13"]
[SourceTitle "CBM 077"]
[Source "ChessBase"]
[SourceDate "2000.07.27"]
[SourceVersion "1"]
[SourceVersionDate "2000.07.27"]
[SourceQuality "1"]

1. e4 c5 2. Nf3 Nc6 3. d4 cxd4 4. Nxd4 e6 5. Nc3 Qc7 6. f4 {Dieser Zug ist
aggressiv, aber in letzter Zeit weniger populär als die Alternativen 6.Be3
oder 6.Be2.} a6 {Diese Zugfolge ist - meiner Meinung nach - unpräzise. Schwarz
muss zuerst den Springer schlagen.} (6... Nxd4 7. Qxd4 a6 {In dieser Variante
hat Schwarz ausgezeichnete Ausgleichschancen. Die Pointe dieser Zugfolge ist,
dass die weiße Dame auf d4 exponiert steht.}) 7. Nxc6 Qxc6 (7... bxc6) 8. Bd3
b5 9. Qe2 Bb7 10. Bd2 {Dieser Zug bereitet die lange Rochade vor - die
Alternative 10.0-0 wäe weniger gefährlich für Schwarz.} Bc5 11. O-O-O Ne7 {
Der Springer steht elastisch auf e7. Stünde der Springer auf f6, so hätte Weiß
immer die Möglichkeit e4-e5.} (11... b4 $5 12. Nd5 a5 $13) 12. Qh5 {[%csl Gh5]
Die Dame steht aktiv auf h5 und profitiert davon, dass der Springer schon mach
e7 entwickelt ist.} (12. Rhf1 b4 13. Nb1 O-O-O 14. Be3 Bxe3+ 15. Qxe3 d5 16.
Nd2 Kb8 17. exd5 Nxd5 18. Qe5+ Qc7 {1/2-1/2 Wood,D-Suetin,A/Hastings 1995/EXT
98 (32)}) (12. a3 O-O 13. Rhf1 Qc7 14. f5 f6 15. Qh5 exf5 16. exf5 Nd5 17. Nxd5
Bxd5 {1/2-1/2 Moskovic,D-Flear,C/GBR 1998/EXT 2000 (33)}) 12... b4 {Dieser Zug
gefällt mir nicht - er schwächt den schwarzen Damenflügel, und in einigen
Varianten muss er dorthin rochieren.} (12... Rc8 13. Kb1 O-O 14. g4 Qb6 15.
Rhf1 Be3 16. Bxe3 Qxe3 17. Rde1 Qc5 18. e5 f5 19. gxf5 Nxf5 20. Ne4 Bxe4 21.
Bxe4 Rf7 22. Rg1 Qf2 23. Ref1 Qh4 24. Qe2 Rcf8 25. Rg4 Qh3 26. Rfg1 Nh6 {
1/2-1/2 Tolnai,T-Horvath,C/HUN-ch 1989/TD (26)}) (12... g6 13. Qh4 (13. Qg5)
13... O-O-O 14. Qf6 Rhf8 15. Rhe1 Qc7 (15... b4 16. Ne2 d5 17. Nd4 Bxd4 18.
Qxd4 dxe4 19. Qxe4 Qxe4 20. Bxe4 Rd4 21. Bxb7+ Kxb7 22. Bxb4 Rxb4 23. Rd7+ {
1-0 Gross,D-Chloupek,S/CZE 1999/EXT 2000 (54)}) 16. Be3 d5 17. Bxc5 Qxc5 18. e5
Kb8 19. g4 Qc7 20. Qh4 {1-0 Sandor,C-Hoffmann,M/Germany 1996/GER-chT (38)}) 13.
Na4 $6 {Weiß ist in dieser Partie mit diesem Zug erfolgreich, aber die
bescheidenere Alternative erscheint mir besser.} (13. Ne2 Qb6 14. f5 exf5 15.
exf5 Bxg2 16. Rhe1 O-O-O 17. Nf4 Bc6 18. Qxf7 Rhf8 19. Qxg7 Nxf5 20. Bxf5 Rxf5
21. Qxh7 {1-0 Tischbierek,R-Wilhelmi,C/Germany 1997/GER-chT (96)}) 13... d5 $6
{Dieser Zug ist nicht logisch - Schwarz öffnet das Spiel in der Mitte, obwohl
sein König unsicher steht.} (13... Qxa4 14. Qxc5 b3 $1 {[%cal Ga8c8,Gc8c1]} (
14... Qxa2 15. Bxb4 Nc6 16. Ba3 $16 {[%csl Re8]}) 15. cxb3 (15. a3 Rc8 $17)
15... Qxa2 $36) 14. Nxc5 Qxc5 15. Rhe1 $14 {Weiß hat das Läuferpaar und die
aktivere Stellung. Für Schwarz ist es nicht leicht, seinen König in Sicherheit
zu bringen.} a5 {Schwarz verteidigt den Pb4. Sein Hauptproblem besteht darin,
dass er nicht lang rochieren kann, weil dann der Pf7 hängt. Zudem gibt es für
ihn keinen wirklich nützlichen Zug.} (15... Rc8 16. Kb1 dxe4 17. Qxc5 Rxc5 18.
Bxb4 Rh5 19. Bxe4 Bxe4 20. Rxe4 Rxh2 21. Rc4 $18) 16. Be3 Qc7 17. exd5 {
Dieser Zug hilft Schwarz, den Springer ins Spiel zu brngen. Ich halte die
sofortige Ausführung des Zuges f4-f5 für stärker.} (17. f5 $142 $1 $40) 17...
Nxd5 18. f5 $36 {[%mdl 64]} O-O-O (18... Nf6 19. Qh4 $36) (18... Nxe3 19. fxe6
$1 $18 (19. Rxe3 Qf4 20. Rde1 $18)) 19. fxe6 fxe6 (19... Nxe3 20. Rxe3 fxe6 21.
Rxe6 $16) 20. Bg5 {[%csl Re6][%cal Re1e6]} (20. Kb1 $14) 20... Rd6 21. Re5 (21.
Kb1 $14) 21... Kb8 (21... b3 22. axb3 (22. a3 Nb4 (22... Nf4 $2 23. Bxf4 Rxd3
24. Rc5 $18) 23. axb4 Rxd3 24. Rc5 Rxd1+ 25. Qxd1 Bc6 26. b5 $18) 22... Nb4 23.
Bf4 Rxd3 24. Rc5 Rxd1+ 25. Kxd1 $18) 22. Rde1 Nc3 $2 {Mit diesem Opfer
versucht Schwarz im Trüben zu fischen. Die Korrektheit des Opfers ist mehr als
fraglich.} (22... h6 $14) 23. Rxe6 $16 {Das ist nicht die beste Antowrt, aber
sie ist gut genug.} (23. bxc3 $1 Qxc3 24. Bf4 (24. Rxe6 Qa1+ (24... Rxd3 25.
Bf4+ $18) 25. Kd2 Qc3+ 26. Kd1 $18) 24... Rf8 25. Rxe6 $18) 23... Rxd3 {
Schwarz setzt seine Bluffserie konsequent fort. Auch dieses Opfer ist schlecht,
aber seine Stellung war ohnehin schon sehr schlecht.} (23... Rxe6 24. Rxe6 $16)
(23... Nxa2+ 24. Kb1 $18) 24. Re8+ (24. cxd3 Nxa2+ 25. Kb1 $18) 24... Ka7 (
24... Rd8 25. Bxd8 Qf4+ 26. R8e3 Nxa2+ (26... Rxd8 27. bxc3 $18) 27. Kb1 Rxd8
28. Re8 $18) 25. cxd3 {[%mdl 1024] Danach hat Weiß eine Qualität mehr, und
steht wegen der schlechten schwarzen Königsstellung praktisch auf Gewinn.} (25.
Rxh8 Nxa2+ 26. Kb1 $18) 25... Rxe8 26. Qxe8 Nd5+ (26... Nxa2+ 27. Kb1 $18 {
[%csl Ra2,Ra7][%cal Rg5e3,Re3a7]}) 27. Kb1 Qxh2 28. Be3+ Ka6 (28... Nxe3 29.
Qxe3+ Ka6 30. Qe6+ Ka7 31. Qf5 Qc7 $16) 29. Bg1 $18 {[%cal Re1e6,Re6a6,Rg1h2]}
1-0

[Event "EU-ch 1st"]
[Site "Saint Vincent"]
[Date "2000.07.03"]
[Round "1"]
[White "Tiviakov, Sergei"]
[Black "Drei, Andrea"]
[Result "1-0"]
[WhiteElo "2608"]
[BlackElo "2350"]
[Annotator "Ribli,Z"]
[PlyCount "77"]
[EventDate "2000.07.03"]
[EventType "swiss"]
[EventRounds "11"]
[EventCountry "ITA"]
[SourceTitle "CBM 078"]
[Source "ChessBase"]
[SourceDate "2000.10.18"]
[SourceVersion "1"]
[SourceVersionDate "2000.10.18"]
[SourceQuality "1"]

1. e4 c5 2. Nf3 e6 3. d4 cxd4 4. Nxd4 Nc6 5. Nc3 Qc7 6. g3 {Großmeister
Tiviakov spielt gerne die Variante mit 6.g3, die gewöhnlich zu ruhigem,
positionellem Spiel führt.} a6 7. Bg2 Nf6 8. O-O Bc5 {Dieser Läuferzug ist
sehr populär in letzter Zeit. Früher bevorzugte man Systeme mit Be7.} 9. Nxc6 (
9. Bf4 {Das ist die andere chancenreiche Alternative für Weiß.}) 9... dxc6 10.
Na4 Ba7 {Schwarz wählt eine konsequente Fortsetzung - er beherrscht die
Diagpmale a7-g1. Aber auch der solide Läuferzug nach e7 kommt in Betracht.} (
10... Be7) 11. c4 Nd7 {Mit diesem Zug verteidigt sich Schwarz gegen 12.c5.} (
11... h5 $5 12. c5 h4 13. Be3 hxg3 14. hxg3 e5 15. f3 Be6 16. Qc2 Nh5 17. Kf2
Qe7 18. Rh1 O-O-O 19. Qc3 Qf6 20. Nb6+ Kb8 21. Nc4 Bxc4 22. Qxc4 g5 23. Bh3 Nf4
{0-1 Bjornsson,S-Miezis,N/Gausdal 1999/CBM 68 ext (40)}) (11... b5 $6 12. e5
Nd7 13. cxb5 axb5 14. Nc3 Ba6 15. Ne4 O-O 16. Bf4 Nxe5 17. Qc2 $1 $44) 12. Qc2
(12. Qg4 Bd4 13. Bf4 Qa5 14. Rad1 (14. Qd1 e5 15. Bd2 Qc7 16. Qg4 g6 17. Qe2 b5
18. Nc3 O-O 19. Rac1 Qd6 20. Kh1 Nb6 21. b3 bxc4 22. bxc4 Be6 23. Nd1 Qa3 {
1/2-1/2 Popovic,P-Miladinovic,I/Novi Sad (m/4) 1994 (34)}) 14... h5 15. Qg5
Qxg5 16. Bxg5 e5 17. c5 f6 18. Bc1 h4 19. Rfe1 hxg3 20. hxg3 Nf8 21. Nb6 Rb8
22. Rxd4 {1-0 De Firmian,N-Borge,N/Gausdal 1999/CBM 68 ext (22)}) (12. b4 a5
13. Bb2 (13. b5 e5 14. Ba3 Bd4 15. Rb1 b6 16. c5 cxb5 17. cxb6 Nxb6 18. Rxb5
Nc4 19. Qc2 Bd7 20. Rd5 Rc8 21. Bc5 Be6 22. Qxc4 Bxd5 23. Qxd5 Bxc5 24. Bh3 O-O
25. Bxc8 {1/2-1/2 Weinzettl,E-Horvath,J/Fuerstenfeld 1998/EXP 63 (25)}) 13...
e5 14. a3 O-O 15. Qd2 axb4 16. axb4 Rb8 17. b5 Re8 18. Qb4 Bd4 19. Bxd4 exd4
20. b6 Qd8 21. c5 Ne5 22. Rad1 d3 23. Nb2 Ra8 24. f4 {1-0 Borge,N-Fogarasi,T/
FSGM Aug, Budapest HUN 1998 (68)}) (12. e5 {Weiß opfert mit diesem Zug einen
Bauern für Aktivität.}) 12... Bd4 $6 {Diese automatische Fortsetzung ist nicht
die beste Wahl für Schwarz. Der Läufer steht wirklich schön auf d4, aber
Schwarz hat Entwicklungsprobleme am Damenflügel. Es wäre besser, die Stellung
mit 12...b5 zu öffnen.} (12... b5 13. cxb5 axb5 14. Nc3 Ba6 15. Re1 e5 (15...
b4 16. Nd5 Qb7 17. Qd2 cxd5 18. exd5 e5 19. d6 Qc8 20. Bxa8 Qxa8 21. Qxb4 Qf3
22. Be3 Bb7 {0-1 Bellini,F-Godena,M/Mantova 1996/EXT 98 (31)}) 16. Be3 b4 17.
Nd5 Qb7 18. Bxa7 cxd5 19. Be3 d4 20. Bd2 O-O 21. Qb3 Nc5 22. Qxb4 Qa7 23. Qa3
Nd3 24. Red1 Qb7 25. Ba5 Rfc8 26. Rd2 Bb5 27. Bh3 Rc6 28. Bf1 Nc5 $13 {1-0
Gruenfeld,Y-Katzir,M/Ramat Aviv ISR 2000/The Week in Chess 287 (43)}) 13. c5 {
[%csl Gc5]} e5 (13... O-O 14. Rb1 e5 15. b4 $14) 14. Re1 (14. Rb1 $14) 14...
Nf8 {[%cal Gf8e6] Dieser Zug lässt den Springer nach b6 eindringen, aber
Schwarz hat sonst keine Möglichkeit, seinen Damenflügel zu entwickeln.} (14...
b5 15. cxb6 Nxb6 16. Nc5 $14) 15. Nb6 $14 {Die Bauernstellung ist symmetrisch,
aber Weiß hat dank des Raumvorteils und des besseren Figurenspiels leichten
Vorteil.} Rb8 16. Rb1 Ne6 17. b4 {[%mdl 32]} h5 $6 {Schwarz möchte am
Königsflügel Gegenspiel finden, aber dieser Plan ist riskant - sein König
bleibt in der Mitte.} (17... O-O $5) 18. Nc4 {[%cal Gc4d6]} h4 19. Rb3 {
[%cal Gb3h3]} (19. Nd6+ $14) 19... Kf8 20. Rf3 {[%cal Gf3f8] Droht eventuell
21.Nd6.} hxg3 21. hxg3 Nd8 22. Bb2 Bxb2 $6 {Schwarz tauscht freiwillig seinen
starken Läufer ab. Meiner Meinung nach wäre es besser, zuerst 22...Bg4 zu
spielen.} (22... Bg4 $142 23. Bxd4 exd4 (23... Bxf3 24. Bxe5 Bxg2 25. Qc3 $18 (
25. Bxc7 $4 Bf3 $19)) 24. Rd3 Ne6 25. f4 $14) 23. Qxb2 Bg4 24. Rd3 (24. Qxe5 $2
Qxe5 25. Nxe5 Bxf3 26. Nd7+ Ke7 27. Nxb8 Bxg2 28. Kxg2 Ne6 $19) 24... f6 25. f4
$5 Nf7 (25... exf4 26. e5 $36 {[%csl Rf8]}) 26. Rf1 {[%cal Gf1f8]} Ke7 (26...
exf4 27. gxf4 $14) 27. Nd6 {[%csl Gd6] Der Springer steht ausgezeichnet auf d6,
der schwarze König hingegen schlecht auf e7.} Rhf8 28. Nxf7 Rxf7 29. Rd6 {
[%csl Gd6]} exf4 (29... b6 30. Qc3 $14 (30. fxe5 bxc5 31. Qf2 (31. Qc3 cxb4 32.
exf6+ gxf6 33. Rxc6 Qa7+ 34. Qc5+ $15) 31... cxb4 32. exf6+ Kxd6 33. Qd4+ Ke6
34. Qc4+ $11)) 30. Rxf4 Be6 31. e5 {[%mdl 128]} f5 {Schwarz möchte die
Stellung geschlossen halten, aber das hilft nichts. Sein König findet - wie in
der ganzen Partie - keine Ruhe.} 32. Rh4 $16 {[%cal Gb2d2,Gd2g5,Gg5e7,Gh4h8]
Weiß kontrolliert beide offenen Linien.} Rbf8 33. Qd2 f4 {Schwarz gibt einen
Bauern, um das Schach auf g5 zu verhindern.} 34. gxf4 Qc8 35. Be4 {[%cal Gd2g2,
Gg2g5]} g5 36. Rh6 $18 Bh3 {[#]} 37. Rde6+ $1 {Dieses schöne Opfer gewinnt
sofort.} (37. e6 $18) 37... Bxe6 38. Qd6+ Ke8 39. Rxe6+ 1-0

[Event "Hyderabad WIPRO"]
[Site "Hyderabad"]
[Date "2000.07.16"]
[Round "1"]
[White "Prasad, Devaki V"]
[Black "Fominyh, Alexander"]
[Result "1/2-1/2"]
[WhiteElo "2431"]
[BlackElo "2594"]
[Annotator "Ribli,Z"]
[PlyCount "57"]
[EventDate "2000.07.16"]
[EventType "tourn"]
[EventRounds "11"]
[EventCountry "IND"]
[EventCategory "10"]
[SourceTitle "CBM 079"]
[Source "ChessBase"]
[SourceDate "2000.11.21"]
[SourceVersion "1"]
[SourceVersionDate "2000.11.21"]
[SourceQuality "1"]

1. e4 c5 2. Nf3 Nc6 3. d4 cxd4 4. Nxd4 e6 5. Nc3 Qc7 6. Be2 a6 7. O-O Bc5 {
Das ist die Lieblingsvariante des russischen Großmeisters Fominyh. Die
Hauptidee des Zuges ist, auf 8.Nb3 mit Be7 zu antworten, und nun steht der
Springer weniger aktiv auf b3 als auf d4. Ich möchte ammerken, dass Schwarz
auch nach 7...Nf6 8.Kh1 8...Bc5 ziehen kann (Fominyh spielt das gern).} 8. Be3
{Weiß verteidigt den Springer und droht 9.Nxe6.} (8. Nxc6 $5 {Und anschließend
kann Weiß 9.Kh1 und 10.f4 ziehen.}) 8... Nce7 {Auf diese Weise verteidigt
Schwarz den Bc5 und entschärft die Drohung 9.Nxe6. Mein persönliches Urteil
über diese Variante lautet: Es fällt schwer zu glauben, dass Schwarz mit solch
einem Plan vollwertiges Spiel erreichen kann - doch bislang war Schwarz in der
Praxis mit 7...Bc5, 8...Ne7 erfolgreich.} 9. e5 {Weiß opfert angesichts seines
großen Entwicklungsvorsprungs einen Bauern.} (9. Qd2 Nf6 10. Nf3 (10. Nb3 Bxe3
11. Qxe3 d6 12. Rad1 O-O 13. Rd2 b5 14. Qd4 Ne8 15. a4 $6 (15. a3 $11) 15...
Nc6 16. Qe3 b4 $15 {0-1 Varavin,V-Fominyh,A/St Petersburg 1999/CBM 74/[Ribli] 
(51)}) 10... Bxe3 11. Qxe3 b5 12. Bd3 e5 13. Rfe1 d6 14. a4 b4 15. Na2 Rb8 16.
Nd2 O-O 17. Bc4 a5 {0-1 Barishev,O-Fominyh,A/Bela Crkva 1990/EXT 97 (46)}) (9.
Qd3 Nf6 10. Bg5 (10. Nf3 Bxe3 11. Qxe3 b5 12. Qg5 Ng6 13. e5 b4 14. exf6 bxc3
15. fxg7 Rg8 16. Qf6 cxb2 17. Qxb2 Rb8 18. Qf6 Qf4 {1/2-1/2 Loskutov,O-Fominyh,
A/Moscow 1995/CBM 47 ext (32)}) 10... Ng6 11. Nb3 Be7 12. f4 h6 13. Bxf6 gxf6
14. g3 b5 15. Bf3 Bb7 16. Ne2 Rc8 17. c3 Qb6+ {0-1 Loskutov,O-Fominyh,A/
Novosibirsk 1998/EXT 2000 (62)}) 9... b6 {Eine gute Entscheidung. Das Annehmen
des Opfers wäre mehr als riskant.} (9... Qxe5 10. Nf3 Qd6 11. Bxc5 Qxc5 12. Ne4
$44 Qc7 13. Nd6+ Kf8 14. c4 b6 15. Qd2 f6 16. Rfd1 Ra7 17. a4 $36 {1-0 Motylev,
A-Brodsky,M/St Petersburg 1999/CBM 74/[Ribli] (76)}) 10. f4 (10. Bf3 Rb8 11.
Re1 Ng6 12. Ne4 Bb7 13. b4 Bxe4 14. bxc5 Bxf3 15. Nxf3 bxc5 16. Qd3 Qc6 17. h4
h5 18. Qa3 N8e7 19. Bxc5 Rc8 20. Bxe7 Nxe7 21. Rad1 Nf5 {0-1 Varavin,V-Fominyh,
A/Samara RUS 2000/The Week in Chess 294 (40)}) 10... Bb7 11. Bf3 {Weiß muss
den starken Bb7 neutralisieren.} Nh6 {[%csl Yf5][%cal Gh6f5] Der Nh6 hat das
Feld im Visier. Das ist ein weiteres Beispiel dafür, dass Schwarz in der
Paulsen-Variante die Entwicklung des Königsflügels am weißen Aufbau
auszurichten vermag.} 12. Qd3 (12. Kh1 O-O 13. Qd3 Bxf3 14. Rxf3 d5 15. Nce2
Nhf5 16. Rh3 Bxd4 17. Bxd4 Ng6 18. c3 Rfc8 19. g4 Nxd4 20. Nxd4 b5 21. Re1 b4
22. Qg3 bxc3 23. bxc3 Rab8 24. f5 {1/2-1/2 Zakic,S-Fominyh,A/Budapest 1990/CBM
20 ext (38)}) (12. Ne4 $2 Nd5 $15) (12. Bxb7 Qxb7 $11) 12... Bxf3 {[%mdl 4]} (
12... Nhf5 13. Bxb7 Qxb7 14. Nxf5 Nxf5 15. Bxc5 bxc5 16. Rfd1 c4 $13 (16... O-O
17. b3 $14)) 13. Rxf3 (13. Nxf3 d5 (13... Bxe3+ 14. Qxe3 Nhf5 15. Qf2 d5 16. g4
$36) 14. exd6 Bxd6 15. Ne4 Nef5 $11 (15... Nhf5 16. g4 $18)) 13... Ng4 $11 {
Schwarz hat eine bequeme Stellung erreicht - Weiß besitzt Raumvorteil, aber
Schwarz hat gutes Spiel auf den weißen Feldern.} 14. Nce2 Nxe3 (14... d6 15.
exd6 Qxd6 $11) 15. Rxe3 d6 {Schwarz kann das zuvor so stolze weiße Zentrum
sprengen.} (15... Nd5 16. Rf3 d6 $11) 16. exd6 Qxd6 (16... Bxd6 $11) 17. c3 O-O
{Endlich rochiert Schwarz beendet damit die Entwicklung. Die weiße
Bauernmehrheit am Damenflügel wirkt sich eher nachteilig aus - Schwarz hat die
offene c-Linie und übt positionellen Druck aus.} 18. Kh1 Rfd8 $15 {[%mdl 32]}
19. Rh3 g6 20. Qe4 {Mit den letzten drei Zügen befreite Weiß seine Figuren aus
den Fesselungen auf der Diagonale a7-g1 und auf der d-Linie.} Nf5 21. Rd1 (21.
Nxf5 $2 Qd1+ $19) 21... Qd5 22. Qxd5 (22. Qb1 Ra7 $15 {[%cal Ga7d7,Gd8d1]})
22... Rxd5 23. Rhd3 Rad8 24. g4 Ne7 $6 (24... Nxd4 25. Nxd4 (25. cxd4 b5 $15)
25... g5 $15 (25... Bxd4 26. Rxd4 Rxd4 27. Rxd4 Rxd4 28. cxd4 $11)) 25. b4 (25.
Kg2 $11) 25... Bxd4 26. c4 $1 $11 {Mit diesem Zwischenzug mobilisiert Weiß
endlich seine Bauernmehrheit am Damenflügel.} R5d7 27. Rxd4 Rxd4 28. Rxd4 Rc8 {
Natürlich darf Schwarz nicht beide Türme tauschen.} (28... Rxd4 $6 29. Nxd4 $14
{[%csl Gc4]}) 29. a3 (29. Rd7 $2 Kf8) 1/2-1/2